Valuation of data centres (Record no. 112409)
[ view plain ]
| 000 -LEADER | |
|---|---|
| fixed length control field | 01025cad a22002655a 4500 |
| 001 - CONTROL NUMBER | |
| control field | L153176 |
| 005 - DATE AND TIME OF LATEST TRANSACTION | |
| control field | 20250821102616.0 |
| 008 - FIXED-LENGTH DATA ELEMENTS--GENERAL INFORMATION | |
| fixed length control field | 110620s2011 xxka f 000 0 eng d |
| 020 ## - INTERNATIONAL STANDARD BOOK NUMBER | |
| International Standard Book Number | 9781842196700 |
| 035 ## - SYSTEM CONTROL NUMBER | |
| System control number | (Sirsi) u153176 |
| 041 0# - LANGUAGE CODE | |
| Language code of text/sound track or separate title | eng |
| 050 04 - LIBRARY OF CONGRESS CALL NUMBER | |
| Classification number | 333.332 $2 18 |
| 110 2# - MAIN ENTRY--CORPORATE NAME | |
| Corporate name or jurisdiction name as entry element | Royal Institution of Chartered Surveyors |
| 9 (RLIN) | 4900 |
| 245 00 - TITLE STATEMENT | |
| Title | Valuation of data centres |
| Remainder of title | RICS guidance note |
| Medium | [archived] |
| 260 ## - PUBLICATION, DISTRIBUTION, ETC. | |
| Place of publication, distribution, etc. | Coventry |
| Name of publisher, distributor, etc. | RICS |
| Date of publication, distribution, etc. | 2011 |
| 300 ## - PHYSICAL DESCRIPTION | |
| Extent | iv, 13p. |
| Dimensions | 30cm. |
| 490 #0 - SERIES STATEMENT | |
| Series statement | RICS Guidance Note |
| Volume/sequential designation | (GN 68/2011) |
| 520 ## - SUMMARY, ETC. | |
| Summary, etc. | The aim of this guidance is to assist valuers who are instructed to provide Market Value, or Market Rent, for properties used as data centres. Includes glossary of terms. |
| 520 ## - SUMMARY, ETC. | |
| Summary, etc. | Archived in 2025 |
| 590 ## - LOCAL NOTE (RLIN) | |
| Local note | KA |
| 651 #4 - SUBJECT ADDED ENTRY--GEOGRAPHIC NAME | |
| Geographic name | International |
| 690 ## - LOCAL SUBJECT ADDED ENTRY--TOPICAL TERM (OCLC, RLIN) | |
| Topical term or geographic name as entry element | PROPERTY-PROPERTY APPRAISAL AND VALUATION |
| 856 41 - ELECTRONIC LOCATION AND ACCESS | |
| Uniform Resource Identifier | <a href="https://www.isurv.com/downloads/file/2902/valuation_of_data_centres_1st_edition_may_2011">https://www.isurv.com/downloads/file/2902/valuation_of_data_centres_1st_edition_may_2011</a> |
| Public note | Archived on isurv (subscription required) |
| 942 ## - ADDED ENTRY ELEMENTS (KOHA) | |
| Suppress in OPAC | 0 |
| Source of classification or shelving scheme | Dewey Decimal Classification |
| Withdrawn status | Lost status | Damaged status | Not for loan | Home library | Current library | Shelving location | Date acquired | Total Checkouts | Full call number | Barcode | Date last seen | Copy number | Price effective from | Koha item type |
|---|---|---|---|---|---|---|---|---|---|---|---|---|---|---|
| Missing from bundle | London | London | RICS Boxes | 20/06/2011 | RICS 2011/24 | 30076604 | 06/08/2019 | 1 | 06/08/2019 | Archive | ||||
| Missing from bundle | London | London | RICS Boxes | 20/06/2011 | RICS 2011/24 | 30076606 | 06/08/2019 | 2 | 06/08/2019 | Reference material | ||||
| Missing from bundle | London | London | RICS Boxes | 20/06/2011 | RICS 2011/24 | 30076605 | 06/08/2019 | 3 | 06/08/2019 | Book | ||||
| Virtual | Virtual | Online | 20/06/2011 | isurv | 153176-3001 | 21/08/2025 | 4 | 06/08/2019 | Online material |